000 00610nam a22001937a 4500
999 _c14418
_d14418
003 AR-CdUCM
008 190423b ||||| |||| 00| 0 spa d
020 _a978-607-404-854-4
040 _aMUNICIPALIDAD PROVINCIAL DEL CUSCO
_cBIBLIOTECA MUNICIPAL DEL CUSCO
082 _aPI / 800.7 /
_bS93
245 _a¿Qué acecha en la sabana? /
260 _aMéxico :
_bThe clever factory,
_c2013.
300 _a8 páginas ;
_bIlustraciones,
_c17 cm.
650 _aAnimales de la sabana
_933176
650 _aPrimera infancia
_924660
650 _aInicial
_927167
942 _2ddc
_cLIBROS
945 _adavv
_d23/04/2019